<?xml version="1.0" encoding="UTF-8"?>
<record
    xmlns:xsi="http://www.w3.org/2001/XMLSchema-instance"
    xsi:schemaLocation="http://www.loc.gov/MARC21/slim http://www.loc.gov/standards/marcxml/schema/MARC21slim.xsd"
    xmlns="http://www.loc.gov/MARC21/slim">

  <leader>00743nam a2200181 a 4500</leader>
  <controlfield tag="001">BRCA_3027</controlfield>
  <controlfield tag="005">20190320204056.0</controlfield>
  <controlfield tag="008">280109s2000----fi-a---###---#000-0#fin-#</controlfield>
  <datafield tag="020" ind1=" " ind2=" ">
    <subfield code="a">9518952817</subfield>
  </datafield>
  <datafield tag="050" ind1=" " ind2="4">
    <subfield code="a">NK5157</subfield>
    <subfield code="b">.F56 2002</subfield>
  </datafield>
  <datafield tag="245" ind1="1" ind2="0">
    <subfield code="a">Finlandia</subfield>
    <subfield code="b">vanguardia en vidrio</subfield>
    <subfield code="c">traducci&#xF3;n Leila Jokinen.</subfield>
  </datafield>
  <datafield tag="260" ind1=" " ind2=" ">
    <subfield code="a">H&#xE4;meenlinna, Finlandia</subfield>
    <subfield code="b">Museo del Vidrio de Finlandia</subfield>
    <subfield code="c">2002</subfield>
  </datafield>
  <datafield tag="300" ind1=" " ind2=" ">
    <subfield code="a">141 p.</subfield>
    <subfield code="b">il. (algunas a color)</subfield>
    <subfield code="c">22 cm.</subfield>
  </datafield>
  <datafield tag="500" ind1=" " ind2=" ">
    <subfield code="a">Cat&#xE1;logo de la exposici&#xF3;n realizada en el Museo Franz Mayer (Ciudad de M&#xE9;xico), 22 octubre, 2002 - 12 enero, 2003 y en el Museo de Historia Mexicana (Monterrey), 5 febrero - 27 abril, 2003</subfield>
  </datafield>
  <datafield tag="650" ind1="1" ind2="4">
    <subfield code="a">Vidrio</subfield>
    <subfield code="y">Siglo XX</subfield>
    <subfield code="z">Finlandia</subfield>
    <subfield code="9">3470</subfield>
  </datafield>
  <datafield tag="700" ind1="1" ind2=" ">
    <subfield code="a">Jokinen, Leila</subfield>
    <subfield code="9">8323</subfield>
  </datafield>
  <datafield tag="942" ind1=" " ind2=" ">
    <subfield code="2">lcc</subfield>
    <subfield code="c">B</subfield>
  </datafield>
  <datafield tag="999" ind1=" " ind2=" ">
    <subfield code="c">2763</subfield>
    <subfield code="d">2763</subfield>
  </datafield>
  <datafield tag="952" ind1=" " ind2=" ">
    <subfield code="0">0</subfield>
    <subfield code="1">0</subfield>
    <subfield code="4">0</subfield>
    <subfield code="7">0</subfield>
    <subfield code="a">BRCA</subfield>
    <subfield code="b">BRCA</subfield>
    <subfield code="d">2009-01-20</subfield>
    <subfield code="l">0</subfield>
    <subfield code="o">NK5157 .F56 2002</subfield>
    <subfield code="p">01414</subfield>
    <subfield code="r">2019-03-22 00:00:00</subfield>
    <subfield code="w">2019-03-22</subfield>
    <subfield code="y">B</subfield>
  </datafield>
</record>
